| 000 | 00471nam a2200169Ia 4500 | ||
|---|---|---|---|
| 999 |
_c5898 _d5898 |
||
| 003 | OSt | ||
| 005 | 20201118152923.0 | ||
| 008 | 190216s9999||||xx |||||||||||||| ||und|| | ||
| 040 | _coclc | ||
| 082 |
_a657 _bVIN/A |
||
| 100 |
_aVinod, A _9643 |
||
| 245 | 0 |
_aAdvanced Accounting / _cA Vinod |
|
| 250 | _a2nd ed. | ||
| 260 |
_bCalicut University Central Co-Operative, _c1999. _aCalicut: |
||
| 300 | _a889p | ||
| 942 |
_cBK _2ddc _h657 _iVIN/A _k657 _mVIN/A |
||